| 000 | 00506nam a22001817a 4500 | ||
|---|---|---|---|
| 003 | OSt | ||
| 005 | 20140310182533.0 | ||
| 008 | 130813t xxu||||| |||| 00| 0 eng d | ||
| 020 | _a9789812596512 | ||
| 050 |
_aRM 301 _b.K26 2006 |
||
| 100 |
_aKee, Joyce LeFever _97896 |
||
| 245 |
_aPharmacology : _ba nursing process approach / _cJoyce LeFever Kee |
||
| 250 | _a5th ed. | ||
| 260 |
_aPhilippines : _bElsevier, _cc2006. |
||
| 300 |
_a992 p. : _bill. ; _c26 cm. |
||
| 942 |
_2lcc _cSSLC |
||
| 999 |
_c14157 _d14157 |
||